|
|
|
|
| LEADER |
00000cas a2200000 4500 |
| 001 |
vtls012268167 |
| 003 |
SK-MaSNL |
| 005 |
20260506071314.0 |
| 008 |
241209c20219999xo ar 0 b0slo |
| 040 |
|
|
|a SNK
|b slo
|c SNK
|e rda
|
| 041 |
0 |
|
|a slo
|
| 043 |
|
|
|a e-xo---
|
| 044 |
|
|
|a xo
|c SK
|
| 072 |
|
7 |
|a 796
|x Šport. Hry. Telesné cvičenia
|2 konspekt
|
| 080 |
|
|
|a 796/799
|2 2011
|
| 080 |
|
|
|a 796.062:658.8
|2 2011
|
| 080 |
|
|
|a (437.6)
|2 2011
|
| 080 |
|
|
|a (058)
|2 2011
|
| 245 |
0 |
0 |
|a Športový marketing ...
|b špecializovaná príloha mesačníka Stratégie
|
| 264 |
|
1 |
|a [Bratislava]
|b [MAFRA Slovakia, a.s.]
|c 2021-
|
| 300 |
|
|
|c 30 cm
|
| 310 |
|
|
|a 1x ročne
|
| 336 |
|
|
|a text
|b txt
|2 rdacontent
|
| 337 |
|
|
|a bez média
|b n
|2 rdamedia
|
| 338 |
|
|
|a zväzok
|b nc
|2 rdacarrier
|
| 362 |
0 |
|
|a 2021-
|
| 500 |
|
|
|a Názov z obálky
|
| 500 |
|
|
|a Súčasťou názvu je označenie bežného roku
|
| 500 |
|
|
|a Vydavateľské údaje podľa materského dokumentu
|
| 525 |
|
|
|a Je samostatnou prílohou časopisu: Stratégie
|
| 650 |
0 |
7 |
|a šport
|2 SNKPH
|9 1042
|
| 650 |
0 |
7 |
|a Sports marketing
|2 SNKPHeng
|9 274163
|
| 650 |
0 |
7 |
|a šport
|2 SNKPHeng
|9 1042
|
| 650 |
0 |
7 |
|a športový marketing
|2 SNKPH
|9 242322
|
| 651 |
|
7 |
|a Slovensko
|2 SNKPH
|9 14231
|
| 651 |
|
7 |
|a Slovakia
|2 SNKPHeng
|9 92630
|
| 655 |
|
7 |
|a ročenky
|2 SNKPH
|9 57146
|
| 655 |
|
7 |
|a Yearbooks
|2 SNKPHeng
|9 120938
|
| 772 |
0 |
|
|t Stratégie (Tlačené vydanie)
|x 1335-2016
|w vtls001467591
|
| 999 |
|
|
|c 9692
|d 11622
|
| 952 |
|
|
|a SNK
|b SNK
|y PREZ
|7 0
|p 17A1525030
|o snkČSB 7861/2021
|i snk2025/2462
|8 0
|0 0
|1 0
|4 0
|d 2025-02-12
|l 0
|r 2026-02-21 19:51:19
|w 2026-02-21
|
| 952 |
|
|
|a SNK
|b SNK
|y PREZ
|7 0
|p 17A1525031
|o snkČSB 7861/2022
|i snk2025/2463
|8 0
|0 0
|1 0
|4 0
|d 2025-02-12
|l 0
|r 2026-02-21 19:51:20
|w 2026-02-21
|
| 952 |
|
|
|a SNK
|b SNK
|y PREZ
|7 0
|p 17A1525032
|o snkČSB 7861/2023
|i snk2025/2464
|8 0
|0 0
|1 0
|4 0
|d 2025-02-12
|l 0
|r 2026-02-21 19:51:20
|w 2026-02-21
|